00285nam a2200109Ia 4500008004100000082000900041100001500050245002700065260002900092630002700121730002700148100328s9999 xx 000 0 und d b8430 aDorty Fisk aBouquet For The Doctor bThe Scientific Book Club aBouquet For The Doctor aBouquet For The Doctor